[Event "Titled Tuesday intern op 12th Mar Late"]
[Site "Chess.com INT"]
[Date "2024.03.12"]
[Round "9"]
[White "Payne, Matthew"]
[Black "Novikov, Evgenij"]
[Result "1-0"]
[WhiteElo "2077"]
[BlackElo "2276"]
[PlyCount "129"]
[EventDate "2024.03.12"]
[EventType "swiss (blitz)"]
[EventRounds "11"]
[EventCountry "USA"]
[SourceTitle "CB12_2024"]
[SourceDate "2023.10.01"]
[SourceVersion "1"]
[SourceVersionDate "2023.10.01"]
[SourceQuality "1"]

1. e4 b6 2. d4 e6 3. c3 Bb7 4. Bd3 Nf6 5. Qe2 c5 6. d5 Be7 7. c4 d6 8. Nc3 Nbd7 9. Nf3 e5 10. 0-0 0-0 11. Nd1 a6 12. a4 b5 13. cxb5 axb5 14. Bxb5 Qb6 15. Bg5 Ba6 16. Nc3 Rfb8 17. Nd2 h6 18. Bxf6 Nxf6 19. Nc4 Qb7 20. Bc6 Qb4 21. Nb5 Bxb5 22. axb5 Rxa1 23. Rxa1 g5 24. g3 Kg7 25. Ra7 Bf8 26. f3 h5 27. Ne3 Kg6 28. Kf2 Qd4 29. b3 g4 30. Ra4 gxf3 31. Qxf3 Qd2+ 32. Qe2 Qxe2+ 33. Kxe2 Be7 34. Nf5 Bf8 35. Kf3 Rb6 36. Ra6 Rb8 37. b6 Ne8 38. Bxe8 Rxe8 39. b7 Rb8 40. Nxd6 Kh7 41. Nxf7 Rxb7 42. Nxe5 Rxb3+ 43. Kg2 Rb2+ 44. Kh3 Bg7 45. Nf3 c4 46. Ng5+ Kg8 47. Ra8+ Bf8 48. Ne6 Rf2 49. d6 c3 50. d7 c2 51. d8Q c1Q 52. Nxf8 Qf1+ 53. Kh4 Rf4+ 54. gxf4 Qxf4+ 55. Kxh5 Qxh2+ 56. Kg5 Qe5+ 57. Kg6 Qxe4+ 58. Kf6 Qh4+ 59. Ke6 Qe4+ 60. Kd6 Qd4+ 61. Ke7 Qg7+ 62. Ke6 Qg4+ 63. Ke5 Qe2+ 64. Kd6 Qd3+ 65. Ke7 1-0

[Event "Titled Tuesday intern op 16th Jan Late"]
[Site "Chess.com INT"]
[Date "2024.01.16"]
[Round "8"]
[White "Janaszak, Dawid"]
[Black "Novikov, Evgenij"]
[Result "1-0"]
[WhiteElo "2308"]
[BlackElo "2276"]
[PlyCount "197"]
[EventDate "2024.01.16"]
[EventType "swiss (blitz)"]
[EventRounds "11"]
[EventCountry "USA"]
[SourceTitle "CB04_2024"]
[SourceDate "2023.10.16"]
[SourceVersion "1"]
[SourceVersionDate "2023.10.16"]
[SourceQuality "1"]

1. e4 Nf6 2. Nc3 d5 3. e5 d4 4. exf6 dxc3 5. fxg7 cxd2+ 6. Bxd2 Bxg7 7. Bd3 Nd7 8. Nf3 Nc5 9. Bc4 Be6 10. Bxe6 Nxe6 11. c3 Qd3 12. Qe2 0-0-0 13. Qxd3 Rxd3 14. Ke2 Rhd8 15. Rad1 c5 16. Be3 c4 17. h4 h5 18. Rxd3 Rxd3 19. Rg1 Kc7 20. g4 hxg4 21. Rxg4 b5 22. h5 Rd8 23. h6 Bf6 24. Nd2 Bh8 25. Bxa7 Ra8 26. Be3 Rxa2 27. Rg8 Be5 28. h7 Rxb2 29. h8Q Bxh8 30. Rxh8 b4 31. Rh4 bxc3 32. Rxc4+ Kd7 33. Rxc3 f6 34. Kf3 Ra2 35. Nc4 Ke8 36. Nb6 Kf7 37. Rc8 Ra3 38. Nd5 Ng5+ 39. Kg4 Ne6 40. Rh8 Ra4+ 41. Kg3 Ng7 42. Kf3 Ra5 43. Nf4 Rf5 44. Ke4 Re5+ 45. Kd3 Ra5 46. Rb8 Ra3+ 47. Ke2 Ra2+ 48. Kf3 Ra5 49. Rb7 Nf5 50. Ne2 Ke8 51. Ng3 Nd6 52. Rb8+ Kf7 53. Ne2 Rf5+ 54. Kg2 Ra5 55. Bf4 Nf5 56. Bg3 Ra2 57. Nf4 Ne3+ 58. Kf3 Nf5 59. Rb7 Ra3+ 60. Kg4 Nh6+ 61. Kh5 Nf5 62. Kg4 Nh6+ 63. Kh3 Nf5 64. Rb5 Nd6 65. Rd5 Ne4 66. Kg2 Ng5 67. Rd3 Ra4 68. Ne2 Ra7 69. Re3 Ne6 70. f4 Ng7 71. Nd4 Ra2+ 72. Kf3 Ra4 73. Nc6 Nf5 74. Rd3 Ra6 75. Nb4 Rb6 76. Nd5 Rb5 77. Bf2 Nd6 78. Ne3 Rc5 79. Ng4 Rc4 80. Be3 Nf5 81. Nf2 Rc6 82. Bd2 Re6 83. Ne4 Nh4+ 84. Ke3 Nf5+ 85. Kf3 Nh4+ 86. Kg4 f5+ 87. Kxh4 fxe4 88. Re3 Kf6 89. Bc3+ Kf5 90. Be5 Rh6+ 91. Kg3 Rh1 92. Kg2 Rh4 93. Rg3 e3 94. Kf3 e2 95. Kxe2 Ke4 96. Re3+ Kf5 97. Kd3 e6 98. Rg3 Rh5 99. Ke3 1-0

[Event "Titled Tuesday intern op 16th Jan Late"]
[Site "Chess.com INT"]
[Date "2024.01.16"]
[Round "10"]
[White "Novikov, Evgenij"]
[Black "Yagupov, Igor"]
[Result "0-1"]
[WhiteElo "2276"]
[BlackElo "2290"]
[PlyCount "74"]
[EventDate "2024.01.16"]
[EventType "swiss (blitz)"]
[EventRounds "11"]
[EventCountry "USA"]
[SourceTitle "CB04_2024"]
[SourceDate "2023.10.16"]
[SourceVersion "1"]
[SourceVersionDate "2023.10.16"]
[SourceQuality "1"]

1. d4 d5 2. c4 c6 3. Nf3 Nf6 4. Nc3 e6 5. Bg5 dxc4 6. e4 b5 7. e5 h6 8. Bh4 g5 9. Nxg5 hxg5 10. Bxg5 Nbd7 11. g3 Qb6 12. exf6 Bb7 13. Bg2 0-0-0 14. 0-0 c5 15. d5 b4 16. dxe6 Bxg2 17. Kxg2 Qxe6 18. Qd5 bxc3 19. Qa8+ Nb8 20. bxc3 Qh3+ 21. Kf3 Qh5+ 22. Kg2 Qxh2+ 23. Kf3 Qh5+ 24. Kg2 Qxg5 25. Rad1 Qxf6 26. Qxa7 Qc6+ 27. f3 Rd7 28. Rxd7 Nxd7 29. Re1 Bd6 30. Rb1 Bb8 31. Qa3 Ne5 32. Rf1 Rd8 33. Qb2 Rd3 34. Qe2 Rxc3 35. g4 Nxg4 36. Rh1 Rc2 37. Rh8+ Kb7 0-1

[Event "Titled Tuesday intern op 19th Dec Early"]
[Site "Chess.com INT"]
[Date "2023.12.19"]
[Round "6"]
[White "Novikov, Evgenij"]
[Black "Wael Sabry, Mina"]
[Result "1-0"]
[WhiteElo "2276"]
[BlackElo "1998"]
[PlyCount "33"]
[EventDate "2023.12.19"]
[EventType "swiss (blitz)"]
[EventRounds "11"]
[EventCountry "USA"]
[SourceTitle "CB52_2023"]
[SourceDate "2023.12.27"]
[SourceVersion "1"]
[SourceVersionDate "2023.12.27"]
[SourceQuality "1"]

1. e4 c5 2. d4 cxd4 3. c3 Nf6 4. e5 Nd5 5. Bc4 Nb6 6. Bb3 d6 7. exd6 Qxd6 8. Nf3 d3 9. 0-0 Nc6 10. Na3 Bg4 11. Bxf7+ Kxf7 12. Ng5+ Kg6 13. Qxg4 h5 14. Qe4+ Kf6 15. Qf3+ Kg6 16. Qf7+ Kh6 17. Ne4+ 1-0

[Event "Titled Tuesday intern op 19th Dec Early"]
[Site "Chess.com INT"]
[Date "2023.12.19"]
[Round "3"]
[White "Santos, Rafael Ventura Dos"]
[Black "Novikov, Evgenij"]
[Result "1-0"]
[WhiteElo "2145"]
[BlackElo "2276"]
[PlyCount "81"]
[EventDate "2023.12.19"]
[EventType "swiss (blitz)"]
[EventRounds "11"]
[EventCountry "USA"]
[SourceTitle "CB52_2023"]
[SourceDate "2023.12.27"]
[SourceVersion "1"]
[SourceVersionDate "2023.12.27"]
[SourceQuality "1"]

1. e4 c5 2. c4 Nc6 3. Ne2 e5 4. g3 h5 5. h3 h4 6. g4 Nge7 7. Bg2 g5 8. d3 Ng6 9. Nbc3 Bd6 10. Be3 0-0 11. Nd5 f6 12. 0-0 b6 13. a3 Nd4 14. b4 Bb7 15. Nec3 Kg7 16. Rb1 Bc6 17. b5 Bb7 18. a4 Ne6 19. Qd2 Nef4 20. Rb2 Nxg2 21. Kxg2 Nf4+ 22. Bxf4 exf4 23. f3 Be5 24. Rb3 d6 25. Re1 Qd7 26. Qa2 Qf7 27. a5 bxa5 28. Qxa5 a6 29. b6 Rac8 30. Qa2 Bd4 31. Qc2 Be5 32. Qe2 Qd7 33. Reb1 Rf7 34. Qd2 Qc6 35. Qa2 Bd4 36. Qa4 Qd7 37. Qxd7 Rxd7 38. Ra3 Kf7 39. Rbb3 Ke6 40. Nc7+ Ke5 41. N3d5 1-0

[Event "Titled Tuesday intern op 12th Dec Early"]
[Site "Chess.com INT"]
[Date "2023.12.12"]
[Round "9"]
[White "Novikov, Evgenij"]
[Black "Kozak, Antoni"]
[Result "0-1"]
[WhiteElo "2276"]
[BlackElo "2442"]
[PlyCount "86"]
[EventDate "2023.12.12"]
[EventType "swiss (blitz)"]
[EventRounds "11"]
[EventCountry "USA"]
[SourceTitle "CB51_2023"]
[SourceDate "2023.12.20"]
[SourceVersion "1"]
[SourceVersionDate "2023.12.20"]
[SourceQuality "1"]

1. Nf3 d5 2. d4 Nf6 3. Bf4 e6 4. e3 Bd6 5. Nbd2 b6 6. c3 Bb7 7. Bb5+ Nbd7 8. Bxd6 cxd6 9. 0-0 0-0 10. Qe2 a6 11. Bd3 e5 12. dxe5 dxe5 13. e4 dxe4 14. Nxe4 Nxe4 15. Bxe4 Bxe4 16. Qxe4 Re8 17. Rad1 Qc7 18. Rd2 Nc5 19. Qf5 g6 20. Qh3 e4 21. Ng5 h5 22. b4 Qf4 23. Rd5 Ne6 24. Nxe6 Rxe6 25. c4 e3 26. fxe3 Qxc4 27. Rd7 Rf8 28. a3 Qc3 29. Rdxf7 Rfe8 30. R7f3 Rxe3 31. Qg3 R8e6 32. Qb8+ Kh7 33. Rf7+ Kh6 34. Qf4+ g5 35. Qf5 Qh8 36. h4 gxh4 37. Qf4+ Kg6 38. Qf5+ Kh6 39. Kh1 R3e5 40. Qf4+ Rg5 41. Qc7 Reg6 42. Qd7 Rxg2 43. R1f6 Rg1+ 0-1

[Event "Titled Tuesday intern op 12th Dec Early"]
[Site "Chess.com INT"]
[Date "2023.12.12"]
[Round "1"]
[White "Novikov, Evgenij"]
[Black "Petrova, Irina"]
[Result "1-0"]
[WhiteElo "2276"]
[BlackElo "2108"]
[PlyCount "113"]
[EventDate "2023.12.12"]
[EventType "swiss (blitz)"]
[EventRounds "11"]
[EventCountry "USA"]
[SourceTitle "CB51_2023"]
[SourceDate "2023.12.20"]
[SourceVersion "1"]
[SourceVersionDate "2023.12.20"]
[SourceQuality "1"]

1. d4 d6 2. e4 Nf6 3. Nc3 e5 4. Nf3 Nbd7 5. Bc4 Be7 6. 0-0 0-0 7. a4 c6 8. h3 h6 9. Re1 Re8 10. dxe5 dxe5 11. Be3 Bf8 12. Qe2 Qc7 13. Nh4 Nc5 14. f3 Be6 15. Nf5 Rad8 16. b3 Kh7 17. Rad1 g6 18. Nxh6 Bxh6 19. Bxc5 Qa5 20. b4 Qc7 21. Bxe6 Rxe6 22. Rxd8 Qxd8 23. Rd1 Qc7 24. a5 b6 25. axb6 axb6 26. Be3 Bxe3+ 27. Qxe3 Rd6 28. Rd3 Rxd3 29. Qxd3 Nh5 30. Ne2 Qa7 31. Qd1 b5+ 32. Kf1 Kg7 33. g4 Nf4 34. Nxf4 exf4 35. Qd2 Qa1+ 36. Kg2 Qe5 37. c3 g5 38. Qd4 Kf6 39. Qxe5+ Kxe5 40. h4 gxh4 41. Kh3 Kd6 42. Kxh4 c5 43. Kg5 cxb4 44. cxb4 Ke5 45. Kh6 Kf6 46. g5+ Ke6 47. Kg7 Ke5 48. Kxf7 Kd4 49. g6 Ke3 50. g7 Kxf3 51. g8Q Kxe4 52. Qg1 f3 53. Qf1 Ke3 54. Qxb5 f2 55. Qf1 Kf3 56. b5 Kg3 57. b6 1-0

[Event "Titled Tuesday intern op 12th Sep Early"]
[Site "Chess.com INT"]
[Date "2023.09.12"]
[Round "1"]
[White "Novikov, Evgenij"]
[Black "Zhigalko, Sergei"]
[Result "0-1"]
[WhiteElo "2276"]
[BlackElo "2572"]
[PlyCount "72"]
[EventDate "2023.09.12"]
[EventType "swiss (blitz)"]
[EventRounds "11"]
[EventCountry "USA"]
[SourceTitle "EXT 2024"]
[Source "ChessBase"]
[SourceDate "2023.10.10"]
[SourceVersion "1"]
[SourceVersionDate "2023.10.10"]
[SourceQuality "1"]

1. d4 Nf6 2. c4 e6 3. Nf3 b6 4. g3 Ba6 5. Nbd2 Bb7 6. Bg2 c5 7. 0-0 cxd4 8. Nxd4 Bxg2 9. Kxg2 Qc7 10. b3 Qb7+ 11. N4f3 Be7 12. Bb2 0-0 13. Rc1 d6 14. Qc2 Nbd7 15. Qb1 a6 16. Rfd1 b5 17. Kg1 h6 18. Qa1 Rfc8 19. h3 Nc5 20. Bd4 b4 21. Bxc5 Rxc5 22. Qd4 a5 23. Ne1 a4 24. Nd3 Rcc8 25. Qb2 Nd7 26. e4 Bf6 27. Qc2 axb3 28. axb3 Bc3 29. Nb1 Bd4 30. Qe2 Ra1 31. Nd2 Ra2 32. Qf1 Nc5 33. Nxc5 dxc5 34. Rb1 Rd8 35. Kh1 Bf6 36. Qe2 Bc3 0-1

[Event "Titled Tuesday intern op 12th Sep Early"]
[Site "Chess.com INT"]
[Date "2023.09.12"]
[Round "11"]
[White "Omariev, Maksim"]
[Black "Novikov, Evgenij"]
[Result "0-1"]
[WhiteElo "2304"]
[BlackElo "2276"]
[PlyCount "46"]
[EventDate "2023.09.12"]
[EventType "swiss (blitz)"]
[EventRounds "11"]
[EventCountry "USA"]
[SourceTitle "EXT 2024"]
[Source "ChessBase"]
[SourceDate "2023.10.10"]
[SourceVersion "1"]
[SourceVersionDate "2023.10.10"]
[SourceQuality "1"]

1. g4 h5 2. g5 h4 3. d4 g6 4. Bg2 d6 5. h3 Bg7 6. c4 c6 7. Nc3 Nd7 8. e4 Qb6 9. Nge2 e6 10. 0-0 Ne7 11. a3 a5 12. Be3 Qa6 13. b3 b5 14. cxb5 cxb5 15. Qd3 b4 16. Nb5 0-0 17. axb4 Nc6 18. Qc4 Nxb4 19. Bd2 Nb6 20. Qxb4 axb4 21. Rxa6 Bxa6 22. Nc7 Bxe2 23. Re1 Rac8 0-1

[Event "Titled Tuesday intern op 05th Sep Early"]
[Site "Chess.com INT"]
[Date "2023.09.05"]
[Round "2"]
[White "Ezat, Mohamed Mahmoud"]
[Black "Novikov, Evgenij"]
[Result "1-0"]
[WhiteElo "2382"]
[BlackElo "2276"]
[PlyCount "135"]
[EventDate "2023.09.05"]
[EventType "swiss (blitz)"]
[EventRounds "11"]
[EventCountry "USA"]
[SourceTitle "EXT 2024"]
[Source "ChessBase"]
[SourceDate "2023.10.10"]
[SourceVersion "1"]
[SourceVersionDate "2023.10.10"]
[SourceQuality "1"]

1. d4 d5 2. c4 e6 3. Nc3 c6 4. e3 f5 5. Qc2 Nf6 6. Bd3 Bd6 7. Nge2 0-0 8. f3 Kh8 9. 0-0 g6 10. Bd2 Nbd7 11. e4 dxc4 12. Bxc4 Nb6 13. Bb3 Nh5 14. g3 Bd7 15. Rad1 Rc8 16. Bh6 Re8 17. Qd2 Bf8 18. Bg5 Be7 19. Be3 Bf6 20. g4 Ng7 21. Bh6 Rc7 22. Nf4 Bc8 23. e5 Bh4 24. g5 Nd5 25. Ng2 f4 26. Bxd5 exd5 27. Nxh4 Nh5 28. Ne2 Rf7 29. Ng2 Bh3 30. Rf2 Bxg2 31. Rxg2 Qd7 32. Rg4 Qf5 33. Rf1 a6 34. Rd1 Re6 35. Qd3 Qxd3 36. Rxd3 Rf5 37. h4 Re7 38. a4 Kg8 39. Rb3 Kf7 40. Rb6 Ke6 41. Nc1 Rc7 42. Nd3 Kd7 43. Nc5+ Kc8 44. Rg2 Ng3 45. Kf2 Re7 46. b4 Nh5 47. b5 axb5 48. axb5 cxb5 49. Rxb5 Ng3 50. Rg1 Rc7 51. Ra1 Kb8 52. Ra4 Nh1+ 53. Kg2 Ng3 54. Na6+ Kc8 55. Nxc7 Kxc7 56. Ra7 Ne2 57. Rbxb7+ Kc8 58. Rxh7 Kb8 59. Rhb7+ Kc8 60. Bf8 Rxf8 61. Re7 Kb8 62. Rab7+ Ka8 63. Rb4 Nc3 64. e6 Nd1 65. Rf7 Ne3+ 66. Kg1 Re8 67. e7 Nf5 68. Rf8 1-0

[Event "Titled Tuesday intern op 05th Sep Early"]
[Site "Chess.com INT"]
[Date "2023.09.05"]
[Round "9"]
[White "Goryachkina, Aleksandra"]
[Black "Novikov, Evgenij"]
[Result "1/2-1/2"]
[WhiteElo "2558"]
[BlackElo "2276"]
[PlyCount "115"]
[EventDate "2023.09.05"]
[EventType "swiss (blitz)"]
[EventRounds "11"]
[EventCountry "USA"]
[SourceTitle "EXT 2024"]
[Source "ChessBase"]
[SourceDate "2023.10.10"]
[SourceVersion "1"]
[SourceVersionDate "2023.10.10"]
[SourceQuality "1"]

1. e4 c6 2. d4 d5 3. exd5 cxd5 4. Bd3 Nc6 5. c3 Nf6 6. h3 g6 7. Nf3 Bg7 8. 0-0 0-0 9. Bf4 Bf5 10. Be2 Bxb1 11. Qxb1 e6 12. Re1 Rc8 13. Bd3 Na5 14. Ne5 a6 15. Qd1 Nd7 16. Qe2 Nxe5 17. Bxe5 Nc4 18. Bxc4 dxc4 19. Bxg7 Kxg7 20. Qf3 Qb6 21. Re2 Qc6 22. Qf4 Qc7 23. Qg5 h6 24. Qe3 Rfd8 25. Rae1 Rd5 26. g3 b5 27. Qf3 Qc6 28. Kg2 Rf5 29. Qxc6 Rxc6 30. Re5 Rxe5 31. Rxe5 Kf6 32. h4 Ke7 33. f4 h5 34. Kf3 f6 35. Re2 Kd6 36. g4 hxg4+ 37. Kxg4 Rc8 38. Rg2 Rh8 39. b3 Kd5 40. Re2 cxb3 41. axb3 Rc8 42. Re3 a5 43. h5 f5+ 44. Kg5 gxh5 45. Re5+ Kd6 46. Rxb5 Rxc3 47. Rxa5 Rxb3 48. Kxh5 Rb4 49. Kg5 Rxd4 50. Ra6+ Kd5 51. Ra5+ Kc4 52. Ra4+ Kd3 53. Ra3+ Ke4 54. Ra6 Kf3 55. Rxe6 Rxf4 56. Re5 Kg3 57. Rxf5 Rxf5+ 58. Kxf5 1/2-1/2

[Event "Titled Tuesday intern op 29th Aug Early"]
[Site "Chess.com INT"]
[Date "2023.08.29"]
[Round "5"]
[White "Lenaerts, Lennert"]
[Black "Novikov, Evgenij"]
[Result "1/2-1/2"]
[WhiteElo "2301"]
[BlackElo "2276"]
[PlyCount "132"]
[EventDate "2023.08.29"]
[EventType "swiss (blitz)"]
[EventRounds "11"]
[EventCountry "USA"]
[SourceTitle "EXT 2024"]
[Source "ChessBase"]
[SourceDate "2023.10.10"]
[SourceVersion "1"]
[SourceVersionDate "2023.10.10"]
[SourceQuality "1"]

1. d4 Nf6 2. c4 e5 3. dxe5 Ng4 4. Bf4 Nc6 5. Nf3 Bb4+ 6. Nbd2 Qe7 7. e3 Ngxe5 8. Nxe5 Nxe5 9. Be2 0-0 10. 0-0 d6 11. Nb3 b6 12. a3 Bc5 13. Nxc5 bxc5 14. b4 f6 15. bxc5 dxc5 16. Rb1 Be6 17. Qa4 Qf7 18. Rfc1 c6 19. Bxe5 fxe5 20. Rf1 Rab8 21. Rxb8 Rxb8 22. Qxc6 Bxc4 23. Bxc4 Qxc4 24. Qc7 Qb5 25. Qxe5 c4 26. Qxb5 Rxb5 27. Rc1 Rb3 28. Kf1 Rxa3 29. Rxc4 Ra2 30. Rc7 h5 31. h4 Kh7 32. e4 Kg6 33. f3 Kf6 34. Kg1 a5 35. Kh2 a4 36. Kg3 a3 37. Ra7 g6 38. f4 Ra1 39. Ra6+ Kf7 40. e5 a2 41. Kh2 Ke7 42. g3 Kd7 43. Kg2 Kc7 44. e6 Re1 45. Rxa2 Rxe6 46. Ra5 Kd7 47. f5 gxf5 48. Rxf5 Rh6 49. Kf3 Ke6 50. Kf4 Rf6 51. Rxf6+ Kxf6 52. Ke4 Ke6 53. Kf3 Kf5 54. Kg2 Ke5 55. Kf2 Ke4 56. Ke2 Ke5 57. Ke3 Kf5 58. Kf3 Ke5 59. Kf2 Ke4 60. Kf1 Kf3 61. Kg1 Kxg3 62. Kh1 Kxh4 63. Kg1 Kg3 64. Kh1 h4 65. Kg1 h3 66. Kh1 h2 1/2-1/2

[Event "Titled Tuesday intern op 29th Aug Early"]
[Site "Chess.com INT"]
[Date "2023.08.29"]
[Round "6"]
[White "Novikov, Evgenij"]
[Black "Kuchava, Ana"]
[Result "1-0"]
[WhiteElo "2276"]
[BlackElo "2101"]
[PlyCount "101"]
[EventDate "2023.08.29"]
[EventType "swiss (blitz)"]
[EventRounds "11"]
[EventCountry "USA"]
[SourceTitle "EXT 2024"]
[Source "ChessBase"]
[SourceDate "2023.10.10"]
[SourceVersion "1"]
[SourceVersionDate "2023.10.10"]
[SourceQuality "1"]

1. e4 c5 2. Nc3 Nc6 3. g3 g6 4. Bg2 Bg7 5. Nge2 d6 6. d3 e5 7. Be3 Nd4 8. Nd5 Ne7 9. Nxd4 cxd4 10. Bg5 Qa5+ 11. b4 Qa3 12. Bxe7 Be6 13. Bxd6 Rc8 14. Nc7+ Kd7 15. Nxe6 fxe6 16. Bc5 b6 17. 0-0 bxc5 18. bxc5 Qxc5 19. Rb1 Rc7 20. Bh3 h5 21. Rb2 Rhc8 22. Qb1 Bh6 23. Rb5 Qxc2 24. Rxe5 Qxb1 25. Rxb1 Rc1+ 26. Rxc1 Rxc1+ 27. Kg2 Rc2 28. Rxe6 Be3 29. Rf6+ Ke7 30. Rf3 Rxa2 31. g4 hxg4 32. Bxg4 a5 33. Kg3 Bg5 34. h4 Bf6 35. h5 gxh5 36. Bxh5 a4 37. Rf5 a3 38. Ra5 Ra1 39. Kf3 a2 40. Ra7+ Kd6 41. Bf7 Bh4 42. Rxa2 Rf1 43. Re2 Ke5 44. Bc4 Rh1 45. Kg2 Ra1 46. Rb2 Bg5 47. Rb5+ Kf4 48. Rf5+ Kg4 49. Be6 Kh4 50. Rf3 Rb1 51. Rh3# 1-0

[Event "Titled Tuesday intern op 15th Aug Early"]
[Site "Chess.com INT"]
[Date "2023.08.15"]
[Round "3"]
[White "Golubev, Mikhail"]
[Black "Novikov, Evgenij"]
[Result "1-0"]
[WhiteElo "2461"]
[BlackElo "2276"]
[PlyCount "59"]
[EventDate "2023.08.15"]
[EventType "swiss (blitz)"]
[EventRounds "11"]
[EventCountry "USA"]
[SourceTitle "EXT 2024"]
[Source "ChessBase"]
[SourceDate "2023.10.10"]
[SourceVersion "1"]
[SourceVersionDate "2023.10.10"]
[SourceQuality "1"]

1. e4 c6 2. d4 d5 3. e5 Bf5 4. h4 h6 5. g4 Bd7 6. f4 h5 7. f5 e6 8. g5 exf5 9. g6 fxg6 10. Nh3 Qxh4+ 11. Nf2 Qd8 12. Rg1 Ne7 13. Nd2 Na6 14. Nf3 Nc7 15. Nh4 Ne6 16. Nxg6 Nxg6 17. Rxg6 Qh4 18. c3 0-0-0 19. b4 Nf4 20. Rg1 g5 21. a4 Bh6 22. Rh1 Qg3 23. Ra3 g4 24. c4 Qxa3 25. Bxa3 dxc4 26. Bxc4 g3 27. Nd3 Ng2+ 28. Ke2 f4 29. e6 Bxe6 30. Bxe6+ 1-0